00479 2200193 4500001002100000005001500021035002000036245005200056100003500108250001000143300001600153260002600169082001500195084002100210020002200231650001000253990001100263990001100274INLIS00000000000191320251001121751 a0010-10250000011 aDi Tanah Lada /cZiggy Zezsyazeoviennazabrizkie0 aZiggy Zezsyazeoviennazabrizkie aCet.4 axi, 289 hlm aJakarta :bKPG,c2024 a899. 221 3 a899. 221 3 ZIG d a978-623-134-248-5 4aNovel a003945 a003946